[Event "5th EKA IIFL Investment 2019"]
[Site "Mumbai"]
[Date "2020.01.03"]
[Round "5.43"]
[White "Anadkat Kartavya"]
[Black "Rohith, Krishna S"]
[Result "1/2-1/2"]
[WhiteElo "2023"]
[BlackElo "2306"]
[Annotator "TA"]
[PlyCount "85"]
[EventDate "2019.12.30"]
[EventType "swiss"]
[EventCountry "IND"]
[SourceTitle "playchess.com"]
[Source "ChessBase"]
[SourceQuality "1"]

{[%evp 12,85,14,25,22,37,31,24,22,39,43,49,41,13,69,47,42,0,52,-35,16,0,0,-56,24,24,9,0,54,60,138,144,139,127,117,126,156,100,103,14,18,32,88,81,155,158,157,129,131,99,108,33,33,33,45,31,33,31,31,31,31,31,31,29,29,29,31,29,31,22,29,8,8,8,8,8]} 1. e4 e5 2. Nf3 Nc6 3. d4 exd4 4. Nxd4 Bc5 5. Nb3 Bb6 6. Nc3 d6 7. Qe2 Nge7 {C45: Scotch Game} 8. Be3 O-O 9. O-O-O f5 {White has an edge.} 10. f4 fxe4 11. g3 Kh8 (11... Bxe3+ 12. Qxe3 Nf5 13. Bc4+ Kh8 14. Qe2 e3 15. Rhf1 {1-0 (39) Navara,D (2739)-Laznicka,V (2670) Prague 2019}) 12. Bg2 Be6 $146 (12... Bxe3+ $11 13. Qxe3 Nf5 14. Qxe4 Re8) ({Predecessor:} 12... Bxe3+ 13. Qxe3 Nf5 14. Qe2 e3 15. Be4 {½-½ (29) Cornette,M (2567)-Guerra Mendez,J (2428) Barbera del Valles 2012}) 13. Bxe4 Qd7 14. Rde1 Bg8 (14... Rfe8 $11) 15. Qd2 (15. Kb1 $14) 15... Na5 (15... Rfd8 $15) 16. Nxa5 $11 Bxa5 17. h4 (17. a3 $11) 17... c6 (17... d5 $15) 18. h5 $36 {[%mdl 2048] Hoping for h6. White has some pressure.} h6 $1 19. Bd4 Nf5 (19... Rad8 $11) 20. Bxf5 $1 $14 Qxf5 (20... Rxf5 $14 21. g4 Rf7) 21. Re7 $16 Rf7 {[#]} 22. g4 $1 {[%cal Rg4f5]} Bxc3 ({Don't blunder} 22... Qxg4 $2 23. Rxf7 Bxf7 24. Rg1 $18) 23. Bxc3 Qxg4 24. Rxf7 ({White should try} 24. Rhe1) 24... Bxf7 25. Qd4 (25. Qxd6 $16 Bd5 26. Re1) 25... c5 $11 ({But not} 25... Bxa2 $2 26. Rg1 $18) 26. Qxd6 Kh7 (26... Kg8 $14) 27. Qd3+ $16 Kg8 ({Better is} 27... Kh8) 28. Qf1 {Threatens to win with Rg1.} Re8 29. Rg1 Qe2 {With the idea ...Qxf1+.} 30. Rxg7+ Kf8 {[#]} 31. Qg1 (31. Qh1 $1 $16) 31... Qe3+ $14 32. Qxe3 Rxe3 {[%mdl 4096] Endgame KRB-KRB} 33. Rh7 Rh3 34. Rxh6 Rxh5 35. Rxh5 Bxh5 {KB-KB} 36. Be5 Ke7 37. c4 Bf7 38. b3 a6 39. f5 Kd7 40. Kd2 b5 41. cxb5 axb5 42. Ke3 b4 43. Ke4 {Accuracy: White = 52%, Black = 55%.} 1/2-1/2

[Event "5th EKA IIFL Investment 2019"]
[Site "Mumbai"]
[Date "2020.01.03"]
[Round "5.44"]
[White "Kavinda, Akila"]
[Black "Saravana, Krishnan P."]
[Result "0-1"]
[WhiteElo "2022"]
[BlackElo "2304"]
[Annotator "ChessBase"]
[PlyCount "122"]
[EventDate "2019.12.30"]
[EventType "swiss"]
[EventCountry "IND"]
[SourceTitle "playchess.com"]
[Source "ChessBase"]
[SourceQuality "1"]
[TimeControl "40/5400+30:1800+30"]

1. d4 d5 2. Nf3 Nf6 3. c4 c6 4. e3 Bf5 5. Nc3 e6 6. Nh4 Be4 7. f3 Bg6 8. Qb3 Qb6 9. Nxg6 hxg6 10. Bd2 Nbd7 11. O-O-O Bd6 12. h3 Nh5 13. Bd3 O-O-O 14. Qxb6 axb6 15. cxd5 exd5 16. Kb1 Bc7 17. Bc2 b5 18. Ne2 Rde8 19. Rhe1 Nb6 20. b3 Nf6 21. Nc1 Nbd7 22. Re2 Nf8 23. Bd3 Ne6 24. Be1 Kd7 25. Bf2 Ra8 26. Rc2 Ra3 27. Bf1 Rha8 28. Nd3 Ke8 29. Be1 Bd6 30. Bf2 Kf8 31. Nc1 Nc7 32. g4 Re8 33. Nd3 Nd7 34. Bg2 b4 35. Re2 Nb5 36. Be1 Nxd4 37. Rb2 Nb5 38. Nxb4 Raa8 39. a4 Nc7 40. e4 Be5 41. Ra2 Nf6 42. g5 Nh5 43. exd5 Rad8 44. Bf2 Nf4 45. Bb6 Ncxd5 46. Bxd8 Nc3+ 47. Kc1 Nxd1 48. Bb6 Nc3 49. Rc2 Nce2+ 50. Kb1 Bd4 51. Bxd4 Nxd4 52. Rc4 c5 53. Rxc5 Nxg2 54. Rc7 Nxb3 55. Rxb7 Nc5 56. Rc7 Rb8 57. Rxc5 Rxb4+ 58. Kc2 Rxa4 59. Rc8+ Ke7 60. Rc7+ Ke6 61. Rc6+ Ke5 0-1

[Event "5th EKA IIFL Investment 2019"]
[Site "Mumbai"]
[Date "2020.01.03"]
[Round "5.45"]
[White "Harshad, S."]
[Black "Laddha, Shubh Jayesh"]
[Result "1-0"]
[WhiteElo "2291"]
[BlackElo "1975"]
[Annotator "RC"]
[PlyCount "87"]
[EventDate "2019.12.30"]
[EventType "swiss"]
[EventCountry "IND"]
[SourceTitle "playchess.com"]
[Source "ChessBase"]
[SourceQuality "1"]
[TimeControl "40/5400+30:1800+30"]

1. e4 {[%emt 0:03:17]} e5 {[%emt 0:00:00]} 2. Nf3 {[%emt 0:00:21]} Nc6 {[%emt 0:00:00]} 3. Bb5 {[%emt 0:00:05]} a6 {[%emt 0:00:00]} 4. Ba4 {[%emt 0:00:05]} Nf6 {[%emt 0:00:00]} 5. d3 {[%emt 0:00:28]} d6 {[%emt 0:00:00]} 6. c3 {[%emt 0:00:06]} g6 {[%emt 0:00:09]} 7. O-O {[%emt 0:00:23]} Bg7 {[%emt 0:05:58]} 8. Re1 {[%emt 0:00:38]} b5 {[%emt 0:00:12]} 9. Bc2 {[%emt 0:01:46]} O-O {[%emt 0:05:15]} 10. a4 {[%emt 0:01:17]} Bb7 {[%emt 0:01:47]} 11. Nbd2 {[%emt 0:00:34]} Nb8 {[%emt 0:02:04]} 12. b4 {[%emt 0:06:33]} Nbd7 {[%emt 0:01:31]} 13. Nb3 {[%emt 0:01:10]} c6 {[%emt 0:11:16]} 14. c4 {[%emt 0:13:38]} d5 {[%emt 0:24:28]} 15. Qe2 {[%emt 0:10:19]} d4 {[%emt 0:08:59]} 16. Bd2 {[%emt 0:07:17]} Re8 {[%emt 0:09:03]} 17. Na5 {[%emt 0:08:43]} Qb6 {[%emt 0:01:50]} 18. c5 {[%emt 0:05:44]} Qc7 {[%emt 0:00:06]} 19. Rf1 {[%emt 0:03:32]} Nf8 {[%emt 0:02:43]} 20. Nh4 {[%emt 0:01:54]} Ne6 {[%emt 0:01:39]} 21. g3 {[%emt 0:00:28]} Rad8 {[%emt 0:04:58]} 22. Nxb7 {[%emt 0:02:55]} Qxb7 {[%emt 0:00:08]} 23. f4 {[%emt 0:02:18]} exf4 {[%emt 0:02:23]} 24. gxf4 {[%emt 0:00:12]} Nf8 {[%emt 0:00:50]} 25. Qg2 {[%emt 0:03:15]} Qd7 {[%emt 0:01:17]} 26. Bd1 {[%emt 0:01:33]} Qe7 {[%emt 0:04:16]} 27. Nf3 {[%emt 0:02:48]} h5 {[%emt 0:02:13]} 28. h3 {[%emt 0:00:55]} Bh6 {[%emt 0:00:32]} 29. Bb3 {[%emt 0:01:10]} Bg7 {[%emt 0:02:52]} 30. Ne5 {[%emt 0:00:48]} Ne6 {[%emt 0:00:59]} 31. Nxc6 {[%emt 0:00:08]} Qc7 {[%emt 0:00:11]} 32. Nxd8 {[%emt 0:00:13]} Rxd8 {[%emt 0:00:17]} 33. axb5 {[%emt 0:00:11]} axb5 {[%emt 0:00:34]} 34. e5 {[%emt 0:00:59]} Nh7 {[%emt 0:00:24]} 35. Bxe6 {[%emt 0:00:59]} fxe6 {[%emt 0:00:05]} 36. Qg4 g5 37. Qxg5 {[%emt 0:01:08]} Kh8 {[%emt 0:00:37]} 38. Qxh5 {[%emt 0:01:13]} Rg8 {[%emt 0:00:05]} 39. Kh2 {[%emt 0:00:13]} Qc6 {[%emt 0:00:33]} 40. Ra7 {[%emt 0:01:40]} Bh6 {[%emt 0:00:08]} 41. Rg1 {[%emt 0:00:48]} Bxf4+ {[%emt 0:02:00]} 42. Bxf4 {[%emt 0:00:33]} Rg2+ {[%emt 0:00:39]} 43. Rxg2 {[%emt 0:00:15]} Qd7 {[%emt 0:00:08]} 44. Ra8+ {[%emt 0:00:37] Qd5} 1-0

[Event "5th EKA IIFL Investment 2019"]
[Site "Mumbai"]
[Date "2020.01.03"]
[Round "5.46"]
[White "Barath Kalyan M"]
[Black "Mohite, Ranveer"]
[Result "1-0"]
[WhiteElo "2091"]
[BlackElo "2281"]
[Annotator "ChessBase"]
[PlyCount "118"]
[EventDate "2019.12.30"]
[EventType "swiss"]
[EventCountry "IND"]
[SourceTitle "playchess.com"]
[Source "ChessBase"]
[SourceQuality "1"]
[TimeControl "40/5400+30:1800+30"]

1. Nf3 {[%emt 0:00:05]} Nf6 {[%emt 0:01:36]} 2. c4 {[%emt 0:00:08]} e6 {[%emt 0:00:38]} 3. Nc3 {[%emt 0:01:08]} d5 {[%emt 0:02:20]} 4. d4 {[%emt 0:01:46]} Be7 {[%emt 0:00:55]} 5. Bf4 {[%emt 0:00:48]} O-O {[%emt 0:00:44]} 6. e3 {[%emt 0:00:04]} b6 {[%emt 0:03:43]} 7. Qc2 {[%emt 0:03:02]} Bb7 {[%emt 0:03:15]} 8. cxd5 {[%emt 0:00:36]} exd5 {[%emt 0:00:44]} 9. Bd3 {[%emt 0:03:37]} c5 {[%emt 0:04:10]} 10. O-O {[%emt 0:00:45]} Nc6 {[%emt 0:07:47]} 11. a3 {[%emt 0:00:09]} c4 {[%emt 0:01:02]} 12. Bf5 {[%emt 0:01:36]} g6 {[%emt 0:13:20]} 13. Bh3 {[%emt 0:02:57]} Re8 {[%emt 0:04:19]} 14. Nb5 {[%emt 0:03:27]} Rf8 {[%emt 0:00:47]} 15. Bc7 {[%emt 0:06:55]} Qe8 {[%emt 0:00:06]} 16. Nd6 {[%emt 0:07:24]} Bxd6 {[%emt 0:00:17]} 17. Bxd6 {[%emt 0:00:03]} Ne7 {[%emt 0:00:15]} 18. Ne5 {[%emt 0:06:18]} Qd8 {[%emt 0:03:22]} 19. Bb4 {[%emt 0:06:49]} a5 {[%emt 0:03:39]} 20. Be1 {[%emt 0:02:08]} Bc8 {[%emt 0:18:17]} 21. g4 {[%emt 0:00:56]} Ne4 {[%emt 0:01:12]} 22. Bg2 {[%emt 0:15:46]} Nd6 {[%emt 0:00:23]} 23. f4 {[%emt 0:13:17]} Kg7 {[%emt 0:01:13]} 24. f5 {[%emt 0:07:35]} f6 {[%emt 0:00:49]} 25. Nf3 {[%emt 0:03:50]} gxf5 {[%emt 0:06:24]} 26. g5 {[%emt 0:00:08]} fxg5 {[%emt 0:01:13]} 27. Nxg5 {[%emt 0:00:13]} Ng6 {[%emt 0:00:56]} 28. h4 {[%emt 0:00:44]} h6 {[%emt 0:11:25]} 29. Bxd5 {[%emt 0:00:35]} hxg5 {[%emt 0:01:15]} 30. Bxa8 {[%emt 0:00:08]} gxh4 {[%emt 0:02:28]} 31. Qg2 {[%emt 0:00:45]} Be6 {[%emt 0:02:33]} 32. Bf3 {[%emt 0:02:02]} h3 {[%emt 0:01:42]} 33. Qg3 {[%emt 0:00:50]} f4 {[%emt 0:00:45]} 34. exf4 {[%emt 0:00:23]} Nf5 {[%emt 0:00:52]} 35. Qf2 {[%emt 0:03:26]} Bd5 {[%emt 0:00:53]} 36. Bc3 {[%emt 0:02:12]} Ngh4 {[%emt 0:00:35]} 37. Bg4 {[%emt 0:02:05]} Kf7 {[%emt 0:01:17]} 38. Bh5+ {[%emt 0:00:55]} Kf6 {[%emt 0:00:21]} 39. Kh2 {[%emt 0:00:11]} Rg8 {[%emt 0:01:19]} 40. Rg1 {[%emt 0:00:00]} Ng2 {[%emt 0:00:00]} 41. Qe2 {[%emt 0:03:57]} Nfe3 {[%emt 0:04:21]} 42. Bd2 {[%emt 0:01:35]} Qe7 {[%emt 0:09:12]} 43. Bxe3 {[%emt 0:00:14]} Qxe3 {[%emt 0:01:02]} 44. Qxe3 {[%emt 0:00:17]} Nxe3 {[%emt 0:00:05]} 45. Rxg8 {[%emt 0:00:16]} Bxg8 {[%emt 0:00:02]} 46. Kxh3 {[%emt 0:00:23]} b5 {[%emt 0:01:28]} 47. Re1 {[%emt 0:00:55]} Be6+ {[%emt 0:01:12]} 48. Kg3 {[%emt 0:00:07]} Nf5+ {[%emt 0:02:46]} 49. Kf2 {[%emt 0:00:05]} Nxd4 {[%emt 0:00:04]} 50. Rd1 {[%emt 0:00:09]} Nb3 {[%emt 0:00:10]} 51. Rd6 {[%emt 0:00:26]} Nc5 {[%emt 0:02:07]} 52. Ke3 {[%emt 0:00:26]} b4 {[%emt 0:01:29]} 53. axb4 {[%emt 0:00:26]} axb4 {[%emt 0:01:00]} 54. Rc6 {[%emt 0:00:06]} Nb7 {[%emt 0:02:21]} 55. Bg4 {[%emt 0:00:11]} Nd8 {[%emt 0:00:00]} 56. Rb6 {[%emt 0:00:20]} c3 {[%emt 0:00:22]} 57. bxc3 {[%emt 0:00:05]} bxc3 {[%emt 0:00:03]} 58. f5 {[%emt 0:00:07]} c2 {[%emt 0:00:49]} 59. Kd2 {[%emt 0:00:05]} Ke5 {[%emt 0:00:45]} 1-0

[Event "5th EKA IIFL Investment 2019"]
[Site "Mumbai"]
[Date "2020.01.03"]
[Round "5.47"]
[White "Deshpande, Aniruddha"]
[Black "Pandey Srishti"]
[Result "1-0"]
[WhiteElo "2275"]
[BlackElo "2162"]
[Annotator "ChessBase"]
[PlyCount "78"]
[EventDate "2019.12.30"]
[EventType "swiss"]
[EventCountry "IND"]
[SourceTitle "playchess.com"]
[Source "ChessBase"]
[SourceQuality "1"]
[TimeControl "40/5400+30:1800+30"]

1. d4 Nf6 2. c4 g6 3. g3 Bg7 4. Bg2 O-O 5. Nc3 d6 6. Nf3 Nc6 7. O-O a6 8. Bf4 Rb8 9. Rc1 Bd7 10. Qd2 b5 11. Nd5 bxc4 12. Nxf6+ Bxf6 13. Rxc4 Rb6 14. Rfc1 Qb8 15. b3 Rc8 16. d5 Nd8 17. Bg5 Bxg5 18. Nxg5 f6 19. Nxh7 Nf7 20. Qe3 Re8 21. Rxc7 Rb7 22. Rxd7 Rxd7 23. Bh3 Rb7 24. Be6 Kg7 25. Rc4 Rh8 26. Rh4 Qe8 27. Bxf7 Qxf7 28. Qh6+ Kg8 29. Qc1 Rb8 30. Qc7 Re8 31. Nxf6+ Qxf6 32. Rf4 Qe5 33. Qc2 Kg7 34. Rg4 Qh5 35. Qc3+ Qe5 36. Qd3 Rh6 37. Re4 Qf6 38. Re6 Qa1+ 39. Kg2 Rxh2+ 1-0

[Event "5th EKA IIFL Investment 2019"]
[Site "Mumbai"]
[Date "2020.01.03"]
[Round "5.48"]
[White "Fedorov, Alexei"]
[Black "Patil, Pratik"]
[Result "1-0"]
[WhiteElo "2562"]
[BlackElo "2167"]
[Annotator "TA"]
[PlyCount "77"]
[EventDate "2019.12.30"]
[EventType "swiss"]
[EventCountry "IND"]
[SourceTitle "playchess.com"]
[Source "ChessBase"]
[SourceQuality "1"]

{[%evp 16,77,20,3,1,0,5,0,28,-10,47,47,54,56,44,38,37,25,78,24,305,286,286,289,287,289,260,177,141,54,68,6,6,9,9,16,24,-55,50,43,50,53,125,115,145,100,122,139,348,350,375,315,556,550,501,466,530,530,485,468,587,566,797,766]} 1. e4 e5 2. Nf3 Nc6 3. Bc4 Bc5 4. c3 Nf6 5. d3 d6 6. Nbd2 O-O 7. h3 a6 8. Bb3 Ba7 9. Nf1 h6 {C54: Giuoco Piano: 4 c3 Nf6, main lines with 5 d4 and 5 d3} (9... Ne7 10. Ng3 Ng6 11. O-O Be6 12. Bc2 c5 13. Re1 h6 14. Bd2 Qd7 15. Qc1 Rfe8 16. a4 a5 17. c4 {½-½ (26) Wei,Y (2706)-Bu,X (2698) Shenzhen 2016}) 10. g4 d5 11. Qe2 dxe4 $146 {The position is equal.} (11... d4 {is more complex.} 12. Ng3 Qd6 13. O-O Bd7 14. Rd1 Rae8) ({Predecessor:} 11... Be6 12. g5 dxe4 {½-½ (33) Adams,P (1993)-Costa,J (2182) Figueira da Foz 2015}) 12. dxe4 Be6 ({Black should play} 12... Na5 $11) 13. g5 $14 hxg5 $1 14. Bxg5 Bxb3 15. axb3 Qd6 16. Ng3 Ne7 (16... Rfd8 $11 {keeps the balance.}) 17. Nh4 (17. Rg1 $1 $16 {aiming for Rd1.} Kh8 18. Rd1) 17... Nh7 $2 {[%mdl 8192]} (17... Rfd8 $11 {and Black stays safe.}) 18. Rd1 $1 $18 {[%cal Rd1d6]} Qe6 19. Bxe7 $1 Qxe7 {[#]} 20. Ngf5 $1 {[%cal Rf5e7]} Qg5 21. Nf3 Qf6 22. Rg1 (22. Rd7 $16) 22... g6 $14 23. Nh6+ (23. Rd7 $14) 23... Kg7 $1 $11 {[%cal Rg7h6]} 24. Ng4 Qf4 25. Ngxe5 {And now Rxg6+! would win.} Nf6 26. Kf1 ({White should try} 26. Nd7 $1 $11) 26... Rad8 ({Much weaker is} 26... Qxe4 $6 27. Qxe4 Nxe4 28. Rd7 $16) (26... Rae8 $15 27. Nd3 Qxe4 28. Qxe4 Rxe4) 27. Rxd8 $1 $14 Rxd8 28. Qc4 $1 $36 {[%cal Rc4f7][%mdl 2048] White has good play.} Ne8 (28... Nd7 $14 29. Rg4 (29. Qxc7 Nxe5 30. Qxe5+ Qxe5 $11) 29... Nxe5 30. Rxf4 Nxc4 31. bxc4 a5) 29. Rg4 $16 Qf6 {White should prevent ...Rd2.} 30. Qe2 c6 31. Nc4 Nc7 $2 {[#]} (31... b5 $16 {was worth a try.}) 32. e5 $1 $18 {[%cal Re5f6]} Qe6 33. Nd6 Ne8 $2 (33... Rxd6 34. exd6 Qxd6) 34. Ng5 {White is clearly winning.} Qd5 35. Ndxf7 Qd1+ 36. Qxd1 Rxd1+ 37. Kg2 Nc7 38. Nd6 Nd5 39. c4 {Accuracy: White = 59%, Black = 22%.} 1-0

[Event "5th EKA IIFL Investment 2019"]
[Site "Mumbai"]
[Date "2020.01.03"]
[Round "5.49"]
[White "Kulkarni, Vinayak"]
[Black "Vasquez Schroeder, Rodrigo"]
[Result "1/2-1/2"]
[WhiteElo "2167"]
[BlackElo "2487"]
[Annotator "TA"]
[PlyCount "101"]
[EventDate "2019.12.30"]
[EventType "swiss"]
[EventCountry "IND"]
[SourceTitle "playchess.com"]
[Source "ChessBase"]
[SourceQuality "1"]

{[%evp 13,101,-2,0,-16,-16,-18,0,-12,-14,-22,-4,-10,-9,-8,-10,-10,-16,-9,-8,-13,-6,-36,-37,-62,-62,-63,-54,-73,-75,-81,-83,-81,-70,-65,-73,-57,-61,-77,-77,-86,-88,-88,-88,-88,-88,-87,-87,-87,-91,-91,-91,-91,-91,-89,-87,-82,-61,-64,-59,-74,-75,-75,-75,-71,-33,-66,-52,-62,-63,-60,-13,-12,-18,-23,-9,-23,0,0,0,0,0,0,0,0,0,0,0,0,0,0]} 1. d4 Nf6 2. c4 e6 3. Nc3 Bb4 4. e3 O-O 5. Nge2 Re8 6. a3 Bf8 7. Ng3 d5 8. cxd5 {E46: Nimzo-Indian: Rubinstein: 4 e3 0-0 5 Ne2 without early Bd3} (8. Be2 b6 9. O-O Bb7 10. b4 Nbd7 11. Qb3 c6 12. Rd1 a5 13. Bd2 axb4 14. axb4 Qe7 15. cxd5 exd5 {½-½ (36) Aleksandrov,A (2577)-Le,Q (2708) Khanty-Mansiysk 2019}) 8... exd5 9. Be2 g6 10. O-O a5 11. Bf3 $146 ({Predecessor:} 11. Bd2 h5 12. Bf3 h4 13. Nge2 c6 14. Nf4 Bf5 15. g4 hxg3 16. hxg3 {½-½ (28) Taimanov,M-Lutikov,A Kislovodsk 1966}) 11... c6 12. e4 dxe4 13. Ngxe4 Nxe4 14. Nxe4 Bf5 15. Nc3 Nd7 $36 {[%cal Bb8d7,Bd7e5,Be5g4][%mdl 2080] Black has good play.} 16. d5 Ne5 17. dxc6 bxc6 18. Be4 Qf6 19. Be3 Ng4 20. Bxf5 Qxf5 21. Bb6 Rab8 22. h3 Ne5 23. Bxa5 Nc4 24. Bc7 Rxb2 {Strongly threatening ...Nd2.} 25. Qd4 Nxa3 26. Nd5 {Hoping for Nf6+.} Bg7 27. Ne7+ {[%mdl 64] [#] Decoy} Rxe7 28. Qd8+ Bf8 29. Bd6 Qd7 30. Qxd7 Rxd7 31. Bxa3 Bxa3 32. Rxa3 $17 {[%mdl 4096] Endgame KRR-KRR} Rc2 33. Raa1 c5 34. Rfc1 Rdd2 (34... Rxc1+ {is more complex.} 35. Rxc1 Rc7 36. Ra1 Kg7 37. Ra6 Kh6) 35. Rxc2 Rxc2 $15 {KR-KR} 36. g3 Kg7 37. Kg2 Rc3 38. Kf1 Rd3 39. Ke2 Rd5 40. Ra7 Kf6 41. Rc7 h5 42. f4 Ke6 43. Ke3 f6 44. Rc6+ Kf5 {[#]} 45. g4+ $1 {[%mdl 512] The position is equal.} hxg4 46. hxg4+ Kxg4 {...Rf5 is the strong threat.} 47. Rxf6 Kh5 48. Rc6 Rf5 49. Ke4 Kh6 50. Ke3 Kg7 51. Ke4 {Accuracy: White = 75%, Black = 68%.} 1/2-1/2

[Event "5th EKA IIFL Investment 2019"]
[Site "Mumbai"]
[Date "2020.01.03"]
[Round "5.50"]
[White "Pranav, Shetty"]
[Black "Dixit, Nikhil"]
[Result "1-0"]
[WhiteElo "2162"]
[BlackElo "2318"]
[Annotator "ChessBase"]
[PlyCount "229"]
[EventDate "2019.12.30"]
[EventType "swiss"]
[EventCountry "IND"]
[SourceTitle "playchess.com"]
[Source "ChessBase"]
[SourceQuality "1"]
[TimeControl "40/5400+30:1800+30"]

1. e4 {[%emt 0:00:00]} e6 {[%emt 0:01:16]} 2. d4 {[%emt 0:00:00]} d5 {[%emt 0:00:02]} 3. Nc3 {[%emt 0:00:00]} Nf6 {[%emt 0:00:02]} 4. e5 {[%emt 0:00:10]} Nfd7 {[%emt 0:00:05]} 5. Nce2 {[%emt 0:00:13]} c5 {[%emt 0:01:07]} 6. c3 {[%emt 0:00:04]} Nc6 {[%emt 0:00:47]} 7. Nf3 {[%emt 0:00:06]} Ncb8 {[%emt 0:00:13]} 8. Nfg1 {[%emt 0:00:54]} Nc6 {[%emt 0:00:47]} 9. Nf3 {[%emt 0:00:06]} Ncb8 {[%emt 0:00:13]} 10. Nfg1 {[%emt 0:00:54]} Nc6 {[%emt 0:00:47]} 11. Nf3 {[%emt 0:00:06]} Be7 {[%emt 0:01:55]} 12. Nfg1 {[%emt 0:00:54]} Bf8 {[%emt 0:00:00]} 13. Nf3 {[%emt 0:00:06]} Be7 {[%emt 0:01:00]} 14. a3 {[%emt 0:00:13]} a5 {[%emt 0:04:37]} 15. Nf4 {[%emt 0:02:31]} cxd4 {[%emt 0:05:36]} 16. cxd4 {[%emt 0:00:06]} Qb6 {[%emt 0:05:04]} 17. h4 {[%emt 0:07:19]} a4 {[%emt 0:02:36]} 18. Be2 {[%emt 0:06:28]} h6 {[%emt 0:07:20]} 19. Rh3 {[%emt 0:10:22]} g6 {[%emt 0:04:03]} 20. Kf1 {[%emt 0:07:54]} Nf8 {[%emt 0:01:38]} 21. Nd3 {[%emt 0:00:45]} Nd7 {[%emt 0:00:00]} 22. Nf4 {[%emt 0:00:15]} Nf8 {[%emt 0:01:00]} 23. Nd3 {[%emt 0:00:45]} Bd7 {[%emt 0:01:45]} 24. Nf4 {[%emt 0:00:15]} Bc8 {[%emt 0:00:00]} 25. Nd3 {[%emt 0:00:45]} Bd7 {[%emt 0:01:00]} 26. Nf4 {[%emt 0:00:15]} Bc8 {[%emt 0:00:00]} 27. Nd3 {[%emt 0:00:45]} Bd7 {[%emt 0:01:00]} 28. Nf4 {[%emt 0:00:15]} Bc8 {[%emt 0:00:00]} 29. Nd3 {[%emt 0:00:45]} Bd7 {[%emt 0:01:00]} 30. Nf4 {[%emt 0:00:15]} Bc8 {[%emt 0:00:00]} 31. Nd3 {[%emt 0:00:45]} Bd7 {[%emt 0:01:00]} 32. Nf4 {[%emt 0:00:15]} Bc8 {[%emt 0:00:00]} 33. Nd3 {[%emt 0:00:45]} Bd7 {[%emt 0:01:00]} 34. Nf4 {[%emt 0:00:15]} Bc8 {[%emt 0:00:00]} 35. Nd3 {[%emt 0:00:45]} Bd7 {[%emt 0:00:00]} 36. Nf4 {[%emt 0:00:15]} Bc8 {[%emt 0:00:15]} 37. Nd3 {[%emt 0:00:45]} Bd7 {[%emt 0:01:45]} 38. Nf4 {[%emt 0:00:15]} Bc8 {[%emt 0:00:00]} 39. Nd3 {[%emt 0:00:45]} Bd7 {[%emt 0:00:00]} 40. Nf4 {[%emt 0:00:15]} Bc8 {[%emt 0:00:15]} 41. Nd3 {[%emt 0:30:45]} Bd7 {[%emt 0:16:53]} 42. Nc5 {[%emt 0:15:16]} Bc8 {[%emt 0:14:07]} 43. Nd3 {[%emt 0:00:00]} Bd7 {[%emt 0:02:50]} 44. Nc5 {[%emt 0:00:33]} Bxc5 {[%emt 0:03:57]} 45. dxc5 {[%emt 0:00:30]} Qc7 {[%emt 0:02:37]} 46. Be3 {[%emt 0:00:00]} Qb6 {[%emt 0:00:00]} 47. Bc1 {[%emt 0:01:00]} Qc7 {[%emt 0:01:00]} 48. Be3 {[%emt 0:02:11]} Na5 {[%emt 0:00:00]} 49. Bc1 {[%emt 0:00:00]} Nc6 {[%emt 0:01:00]} 50. Be3 {[%emt 0:01:00]} Na5 {[%emt 0:00:00]} 51. Bc1 {[%emt 0:00:00]} Nc6 {[%emt 0:01:00]} 52. Be3 {[%emt 0:01:00]} Na5 {[%emt 0:00:00]} 53. Bc1 {[%emt 0:00:00]} Nc6 {[%emt 0:01:00]} 54. Be3 {[%emt 0:01:00]} Na5 {[%emt 0:00:00]} 55. Bc1 {[%emt 0:00:00]} Nc6 {[%emt 0:01:00]} 56. Be3 {[%emt 0:01:00]} Na5 {[%emt 0:00:00]} 57. Bc1 {[%emt 0:00:00]} Nc6 {[%emt 0:01:00]} 58. Be3 {[%emt 0:01:00]} Na5 {[%emt 0:00:00]} 59. Bc1 {[%emt 0:00:00]} Nc6 {[%emt 0:01:00]} 60. Be3 {[%emt 0:01:00]} Na5 {[%emt 0:00:00]} 61. Bc1 {[%emt 0:00:00]} Nc6 {[%emt 0:01:00]} 62. Be3 {[%emt 0:01:00]} Na5 {[%emt 0:00:00]} 63. Bc1 {[%emt 0:00:00]} Nc6 {[%emt 0:01:00]} 64. Be3 {[%emt 0:01:00]} Na5 {[%emt 0:00:00]} 65. Bc1 {[%emt 0:00:00]} Nc6 {[%emt 0:01:00]} 66. Be3 {[%emt 0:01:00]} Na5 {[%emt 0:04:07]} 67. Nd4 {[%emt 0:19:34]} Nc6 {[%emt 0:00:00]} 68. Nf3 {[%emt 0:00:00]} Na5 {[%emt 0:01:00]} 69. Nd4 {[%emt 0:01:00]} Nc6 {[%emt 0:00:00]} 70. Nf3 {[%emt 0:00:00]} Na5 {[%emt 0:01:00]} 71. Nd4 {[%emt 0:01:00]} Nc6 {[%emt 0:00:00]} 72. Nf3 {[%emt 0:00:00]} Na5 {[%emt 0:01:00]} 73. Nd4 {[%emt 0:01:00]} Nc6 {[%emt 0:00:00]} 74. Nf3 {[%emt 0:00:00]} Na5 {[%emt 0:01:00]} 75. Nd4 {[%emt 0:01:00]} Nc6 {[%emt 0:00:00]} 76. Nf3 {[%emt 0:00:00]} Na5 {[%emt 0:01:00]} 77. Nd4 {[%emt 0:01:00]} Nc4 {[%emt 0:08:29]} 78. Bxc4 {[%emt 0:01:00]} dxc4 {[%emt 0:00:04]} 79. Rc1 {[%emt 0:09:43]} Qxe5 {[%emt 0:08:01]} 80. Qe2 {[%emt 0:11:06]} Qc7 {[%emt 0:00:00]} 81. Qd1 {[%emt 0:00:00]} Qe5 {[%emt 0:01:00]} 82. Qe2 {[%emt 0:01:00]} Qc7 {[%emt 0:00:00]} 83. Qd1 {[%emt 0:00:00]} Qe5 {[%emt 0:01:00]} 84. Qe2 {[%emt 0:01:00]} Qc7 {[%emt 0:00:00]} 85. Qd1 {[%emt 0:00:00]} Qe5 {[%emt 0:01:00]} 86. Qe2 {[%emt 0:01:00]} Qe4 {[%emt 0:09:07]} 87. Qd1 {[%emt 0:00:00]} Qe5 {[%emt 0:00:00]} 88. Qe2 {[%emt 0:01:00]} Qe4 {[%emt 0:01:00]} 89. Rxc4 {[%emt 0:03:18]} e5 {[%emt 0:01:08]} 90. Nb5 Qc6 {[%emt 0:07:52]} 91. Nd6+ {[%emt 0:02:05]} Ke7 {[%emt 0:00:00]} 92. Nb5 {[%emt 0:00:54]} Ke8 {[%emt 0:01:00]} 93. Nd6+ {[%emt 0:00:06]} Ke7 94. Rf3 {[%emt 0:01:09]} Be6 {[%emt 0:01:07]} 95. Rb4 {[%emt 0:00:00]} Bd7 {[%emt 0:00:22]} 96. Rc4 {[%emt 0:01:00]} Be6 {[%emt 0:00:38]} 97. Rb4 {[%emt 0:00:25]} Nd7 {[%emt 0:00:50]} 98. Rxb7 {[%emt 0:00:40]} Rhb8 {[%emt 0:01:55]} 99. Rb4 {[%emt 0:00:20]} Rh8 {[%emt 0:00:30]} 100. Rb7 {[%emt 0:00:40]} Rhb8 {[%emt 0:00:30]} 101. Rxd7+ {[%emt 0:00:40]} Kxd7 {[%emt 0:01:59]} 102. Nxf7 {[%emt 0:00:00]} Qd5 {[%emt 0:07:14]} 103. Nd6 {[%emt 0:00:40]} Qc6 {[%emt 0:00:00]} 104. Nf7 {[%emt 0:01:33]} Qd5 {[%emt 0:03:35]} 105. Bxh6 {[%emt 0:00:00]} Rxb2 {[%emt 0:00:11]} 106. Nxe5+ {[%emt 0:00:00]} Kc7 {[%emt 0:00:00]} 107. Nf7 {[%emt 0:00:56]} Kd7 {[%emt 0:01:03]} 108. Ne5+ {[%emt 0:00:33]} Kc7 {[%emt 0:00:00]} 109. Qe1 {[%emt 0:00:00] Kd7 Qe2+ Kc7 Qe1 Kd7 Qe2+ Kc7 Qe1} Rab8 {[%emt 0:02:18]} 110. Qa5+ {[%emt 0:00:39] Ra8 Qe1 Rab8 Qa5+ Ra8 Qe1 Rab8 Qa5+ Ra8 Qe1 Rab8 Qa5+} Kb7 {[%emt 0:02:21]} 111. c6+ {[%emt 0:00:01]} Qxc6 112. Nxc6 {[%emt 0:00:02]} Bc4+ {[%emt 0:01:02]} 113. Kg1 {[%emt 0:00:14]} Be6 {[%emt 0:00:30]} 114. Kf1 {[%emt 0:00:46]} Bc4+ {[%emt 0:00:30]} 115. Kg1 {[%emt 0:00:14]} 1-0